000 00581nam a2200157 a 4500
008 120416s1969 ||||||||||||||||| || u
050 _aGN 480 For
100 _aFortes, Meyer
245 1 0 _aKinship and the social order: the legacy of Lewis Henry Morgan
260 _aLondon
_bRoutledge and Kegan Paul
_c[1969]
300 _a[xii], 347p.
350 _a0.00
650 _aCULTURE
650 _aKINSHIP--MORGAN, LEWIS HENRY
995 _D0.00
_FCBU-MAIN LIBRARY (Kitwe)
_H1
_I9.95
_M1
_UAVAILABLE
_ZMain Library Open Access Collection
999 _c48644
_d48644